[Event "Quebec-ch"]
[Site "Montreal"]
[Date "2006.09.09"]
[Round "2"]
[White "Voskanyan, Vahagn"]
[Black "Khassanov, Marat"]
[Result "1/2-1/2"]
[WhiteElo "2332"]
[BlackElo "2312"]
[PlyCount "112"]
[EventDate "2006.09.08"]
[EventType "tourn"]
[EventRounds "9"]
[EventCountry "CAN"]
[EventCategory "1"]
[SourceTitle "EXT 2007"]
[Source "ChessBase"]
[SourceDate "2006.11.23"]
[SourceVersion "1"]
[SourceVersionDate "2006.11.23"]
[SourceQuality "1"]

1. c4 e5 2. Nc3 d6 3. d4 Nd7 4. Nf3 g6 5. e4 Ngf6 6. Be2 Bg7 7. dxe5 dxe5 8. h3 0-0 9. Be3 Re8 10. Qd2 c6 11. Rd1 Qe7 12. 0-0 Nc5 13. Qc2 a5 14. a3 Nh5 15. Na4 Nxa4 16. Qxa4 Nf4 17. Rfe1 Nxe2+ 18. Rxe2 b5 19. Qc2 Be6 20. Red2 a4 21. Qc3 f6 22. cxb5 cxb5 23. Bc5 Qb7 24. Qb4 Rac8 25. Rd3 Bh6 26. Be3 Bf8 27. Qa5 Qxe4 28. Rd8 Qb7 29. Rxc8 Rxc8 30. Rd8 Rxd8 31. Qxd8 Kf7 32. Bd2 Qd7 33. Qb6 Bd5 34. Bb4 Bxb4 35. axb4 Bxf3 36. gxf3 g5 37. Kg2 Kg6 38. Qb8 Kg7 39. Qb6 Kf7 40. Qb8 Ke6 41. Qf8 h5 42. Qg8+ Kf5 43. Qa8 h4 44. Qe4+ Ke6 45. Qa8 Kf7 46. Qe4 Kg7 47. Qa8 Qe7 48. Qe4 Qe8 49. Qd5 Kg6 50. Qb7 Kh6 51. Qd5 Kg6 52. Qb7 f5 53. Qb6+ Kg7 54. Qb7+ Kf6 55. Qb6+ Kf7 56. Qb7+ Kg6 1/2-1/2

[Event "Quebec-ch"]
[Site "Montreal"]
[Date "2006.09.08"]
[Round "1"]
[White "Ye, Ling Feng"]
[Black "Khassanov, Marat"]
[Result "1/2-1/2"]
[WhiteElo "2103"]
[BlackElo "2312"]
[PlyCount "49"]
[EventDate "2006.09.08"]
[EventType "tourn"]
[EventRounds "9"]
[EventCountry "CAN"]
[EventCategory "1"]
[SourceTitle "EXT 2007"]
[Source "ChessBase"]
[SourceDate "2006.11.23"]
[SourceVersion "1"]
[SourceVersionDate "2006.11.23"]
[SourceQuality "1"]

1. e4 e6 2. d4 d5 3. Nd2 Nf6 4. e5 Nfd7 5. Bd3 c5 6. c3 Nc6 7. Ne2 cxd4 8. cxd4 f6 9. exf6 Qxf6 10. Nf3 h6 11. 0-0 Bd6 12. Be3 0-0 13. Ng3 Rd8 14. Rc1 Nf8 15. a3 Bd7 16. b4 a6 17. Ne2 Be8 18. Nc3 Bg6 19. Na4 Bxd3 20. Qxd3 Rac8 21. Nc5 Rc7 22. Nxb7 Nxb4 23. axb4 Rxb7 24. Qxa6 Rxb4 25. Rc6 1/2-1/2

[Event "Canada zt"]
[Site "Toronto"]
[Date "2006.08.25"]
[Round "8"]
[White "Roussel Roozmon, Thomas"]
[Black "Khassanov, Marat"]
[Result "1/2-1/2"]
[WhiteElo "2430"]
[BlackElo "2314"]
[PlyCount "31"]
[EventDate "2006.08.18"]
[EventType "swiss"]
[EventRounds "9"]
[EventCountry "CAN"]
[SourceTitle "CBM 113 Extra"]
[Source "ChessBase"]
[SourceDate "2006.09.14"]
[SourceVersion "1"]
[SourceVersionDate "2006.09.14"]
[SourceQuality "1"]

1. Nf3 d5 2. d4 Nf6 3. c4 e6 4. g3 dxc4 5. Bg2 c6 6. Ne5 Nfd7 7. Nxc4 b5 8. Ncd2 Qb6 9. Nb3 Bb7 10. 0-0 c5 11. Bxb7 Qxb7 12. a4 b4 13. N1d2 cxd4 14. Nxd4 Bc5 15. N2b3 0-0 16. Nxc5 1/2-1/2

[Event "Canada zt"]
[Site "Toronto"]
[Date "2006.08.22"]
[Round "5"]
[White "Southam, David"]
[Black "Khassanov, Marat"]
[Result "1/2-1/2"]
[WhiteElo "2099"]
[BlackElo "2314"]
[PlyCount "61"]
[EventDate "2006.08.18"]
[EventType "swiss"]
[EventRounds "9"]
[EventCountry "CAN"]
[SourceTitle "CBM 113 Extra"]
[Source "ChessBase"]
[SourceDate "2006.09.14"]
[SourceVersion "1"]
[SourceVersionDate "2006.09.14"]
[SourceQuality "1"]

1. d4 d5 2. Nf3 Nf6 3. c4 c6 4. Nbd2 Bf5 5. g3 e6 6. Bg2 Nbd7 7. b3 h6 8. Bb2 Be7 9. 0-0 0-0 10. e3 Bd3 11. Re1 a5 12. Bf1 Bxf1 13. Kxf1 b5 14. e4 bxc4 15. bxc4 Qb6 16. Qc2 Qa6 17. Kg2 Bb4 18. a3 Bxd2 19. Nxd2 Nb6 20. Rac1 Rfe8 21. e5 Nfd7 22. c5 Nc8 23. f4 Ne7 24. g4 Nf8 25. Re3 Rab8 26. Rf1 g6 27. Rg3 Kh8 28. Bc1 Nh7 29. Rf2 f5 30. exf6 Nxf6 31. h3 1/2-1/2

[Event "Canada zt"]
[Site "Toronto"]
[Date "2006.08.19"]
[Round "2"]
[White "Khassanov, Marat"]
[Black "Henry, Liam"]
[Result "1/2-1/2"]
[WhiteElo "2314"]
[BlackElo "2090"]
[PlyCount "47"]
[EventDate "2006.08.18"]
[EventType "swiss"]
[EventRounds "9"]
[EventCountry "CAN"]
[SourceTitle "CBM 113 Extra"]
[Source "ChessBase"]
[SourceDate "2006.09.14"]
[SourceVersion "1"]
[SourceVersionDate "2006.09.14"]
[SourceQuality "1"]

1. e4 c5 2. f4 d5 3. d3 dxe4 4. dxe4 Qxd1+ 5. Kxd1 Nc6 6. Be3 e6 7. Nd2 Nf6 8. Ngf3 Be7 9. c3 0-0 10. Kc2 b6 11. Re1 Bb7 12. Kb1 Rfd8 13. Bf2 Nh5 14. g3 Nf6 15. Bb5 a6 16. Ba4 b5 17. Bc2 e5 18. Nb3 Nd7 19. Nxe5 Ndxe5 20. fxe5 c4 21. Nd4 Nxe5 22. Rhf1 Rac8 23. Rd1 Bc5 24. h3 1/2-1/2

[Event "Canada zt"]
[Site "Toronto"]
[Date "2006.08.18"]
[Round "1"]
[White "Masse, Hugues"]
[Black "Khassanov, Marat"]
[Result "1/2-1/2"]
[WhiteElo "2178"]
[BlackElo "2314"]
[PlyCount "38"]
[EventDate "2006.08.18"]
[EventType "swiss"]
[EventRounds "9"]
[EventCountry "CAN"]
[SourceTitle "CBM 113 Extra"]
[Source "ChessBase"]
[SourceDate "2006.09.14"]
[SourceVersion "1"]
[SourceVersionDate "2006.09.14"]
[SourceQuality "1"]

1. d4 d5 2. c4 c6 3. Nf3 e6 4. Nc3 Nf6 5. e3 Nbd7 6. Bd3 Bd6 7. 0-0 0-0 8. e4 dxe4 9. Nxe4 Nxe4 10. Bxe4 f5 11. Bc2 h6 12. Re1 Nf6 13. Bd2 Bd7 14. Bc3 Rc8 15. Qe2 Bb8 16. Rad1 Qc7 17. Qe5 Qd8 18. Qe2 Qc7 19. Qe5 Qd8 1/2-1/2

[Event "Quebec-ch op"]
[Site "Montreal"]
[Date "2006.07.12"]
[Round "6"]
[White "Swati, Ghate"]
[Black "Khassanov, Marat"]
[Result "1-0"]
[WhiteElo "2379"]
[BlackElo "2314"]
[PlyCount "48"]
[EventDate "2006.07.07"]
[EventType "swiss"]
[EventRounds "9"]
[EventCountry "CAN"]
[SourceTitle "CBM 113 Extra"]
[Source "ChessBase"]
[SourceDate "2006.09.14"]
[SourceVersion "1"]
[SourceVersionDate "2006.09.14"]
[SourceQuality "1"]

1. e4 e5 2. Nf3 Nc6 3. Bb5 a6 4. Ba4 Nf6 5. 0-0 Be7 6. Re1 b5 7. Bb3 d6 8. c3 0-0 9. d4 Bg4 10. Be3 d5 11. exd5 exd4 12. Bxd4 Nxd4 13. cxd4 Bb4 14. Nc3 Bxc3 15. bxc3 Nxd5 16. Qd3 Be6 17. Bc2 g6 18. Re5 Qf6 19. Ng5 c6 20. Qg3 Rfe8 21. Ne4 Qg7 22. Nc5 Nc7 23. a4 Qh6 24. h4 b4 1-0

[Event "Quebec-ch op"]
[Site "Montreal"]
[Date "2006.07.08"]
[Round "2"]
[White "Libersan, Thierry"]
[Black "Khassanov, Marat"]
[Result "1-0"]
[WhiteElo "1961"]
[BlackElo "2314"]
[PlyCount "103"]
[EventDate "2006.07.07"]
[EventType "swiss"]
[EventRounds "9"]
[EventCountry "CAN"]
[SourceTitle "CBM 113 Extra"]
[Source "ChessBase"]
[SourceDate "2006.09.14"]
[SourceVersion "1"]
[SourceVersionDate "2006.09.14"]
[SourceQuality "1"]

1. e4 c5 2. Nf3 d6 3. d4 cxd4 4. Nxd4 Nf6 5. Nc3 Nc6 6. Be2 e5 7. Nb3 Be7 8. Be3 0-0 9. g4 a5 10. a4 Nb4 11. g5 Ne8 12. h4 Be6 13. Nd5 Rc8 14. c3 Nxd5 15. exd5 Bf5 16. Bd3 e4 17. Nd4 g6 18. Be2 Bd7 19. Qd2 f5 20. Bb5 Ng7 21. Ne2 Nh5 22. Nf4 Nxf4 23. Bxf4 Bxb5 24. axb5 Qb6 25. h5 Kf7 26. hxg6+ hxg6 27. Rh7+ Ke8 28. Qe2 Kd7 29. Be3 Qc7 30. b6 Qc4 31. Qxc4 Rxc4 32. Rxa5 Rcc8 33. Ra7 Rb8 34. Rg7 Ke8 35. Rxg6 Kf7 36. Rh6 Rg8 37. Rh7+ Rg7 38. Rxg7+ Kxg7 39. Kd2 Kg6 40. c4 Bxg5 41. Bxg5 Kxg5 42. Ke3 Kf6 43. Kd4 Rh8 44. Rxb7 Rh3 45. c5 e3 46. fxe3 Rh4+ 47. Kc3 dxc5 48. Rc7 Re4 49. Rc6+ Kf7 50. b7 Rb4 51. Rc7+ Kf6 52. d6 1-0